Historia universal.

Guardado en:
Detalles Bibliográficos
Formato: Libro
Lenguaje:español
Publicado: México, D. F. Luis Fernández G. 1958
Catálogo:MANES:  Resultados de Búsqueda del Catálogo
Clasificación de libros de texto:
Etiquetas: Agregar Etiqueta
Sin Etiquetas, Sea el primero en etiquetar este registro!
Añadido a:2018-05-25
Cambiado en:2018-05-26

MARC

LEADER 00000nam a2200000 4500
005 20180526140126.0
008 180526b xxu||||| |||| 00| 0 spa d
040 |a centro_manes  |c universidad_colima 
245 |a Historia universal. 
260 |a México, D. F.  |b Luis Fernández G.  |c 1958 
300 |a 179 p.  |c 23 cm. 
500 |a Aparece: Francisco Ziga, "Bibliografía Pedagógica. Libros de texto para enseñanza primaria:1850-1970 V. Libros de Historia" en Boletín del Instituto de Investigaciones Bibliográficas 1981-1982, Biblioteca Nacional, Hemeroteca Nacional, Universidad Nacional Autónoma de México, Nos. 18 - 19,p. 121.  |a (Nueva Serie Don Vasco). 
546 |a México. 
690 0 |a HI 
691 0 |a PRI 
942 |2 ddc  |c BK 
999 |c 50643  |d 50643 
999 |c manes:50643  |d 50643